Statistics for Easter Quiz

Click here to take the quiz!

General Stats

  • This quiz has been taken 42,653 times
    (19,377 since last reset)
  • The average score is 13 of 18

Answer Stats

QuestionAnswer% Correct
The Friday before Easter{Good} Friday
92%
The day that period begins{Ash} Wednesday
90%
The 40-day period before EasterLent
90%
Person who betrayed Jesus for silverJudas Iscariot
88%
What Jesus's crown was made ofThorns
87%
The first thing Jesus said on the cross: "Father, _______ ____, for they
know not what they do"
Forgive Them
82%
Person who found Jesus's tomb to be emptyMary Magdalene
78%
The Sunday one week before Easter{Palm} Sunday
70%
Person who denied Jesus three timesPeter
69%
Jewish holiday that occurs around the same time as EasterPassover
68%
Another thing that Jesus said, which has led to many different interpretations:
"My God, my God, why hast thou ________ me"?
Forsaken
67%
Roman prefect who authorized the crucifixion of JesusPontius Pilate
63%
Person who doubted Jesus's resurrectionThomas
61%
The day just before{Fat} Tuesday
60%
The entire week before Easter{Holy} Week
59%
Name for that day in the United Kingdom{Shrove} Tuesday
51%
Name for a dramatic representation of Jesus's suffering{Passion} Play
47%
Hill on which Jesus was crucifiedCalvary
45%

Score Distribution

Percentile by Number Answered

Percent of People with Each Score

Your Score History

You have not taken this quiz since the last reset